000 00638cam a2200229ua 4500
005 20260515114427.0
008 150221n ii |||gr||||Z||||||asm
020 _a9788192016085
040 _cMAIN
_aIN-DiNC
041 _deng
082 _a954
_bDUT
100 _aDutta, Ajit. Kumar.,
_eauthor
245 1 _aUchchatar madhyamik buranji (class XII)/
_cBy Ajit Kumar Dutta
250 _a1st.
260 _aGuwahati:
_bAssam book depot,
_c2011.
300 _a398p.
650 _aHarappan civilization
650 _aHistory of medieval India
653 _aHistory & geography
700 _aGoswami, Pankaj.,
_eauthor
942 _cBK
_2ddc
999 _c8180
_d8180